01519nam a22002171a 4500040001100000082001700011100003600028245011300064260005100177300005600228504005100284520024600335650004600581651005600627651005700683942001200740999001900752952017600771952017600947952017801123 aNSHSPK a617.735bMAR1 aMarashi, Ameeneauthor.912656210aAtlas of fundus fluorescein angiography for approaching macular diseases :bFFA's approach /cAmeen Marashi. aConnecticut, USA :b[Self Publication],c2024. a143 pages :billustrations (chiefly color) ;c23cm. aIncludes bibliographical references and index. aThis atlas provides a comprehensive guide to fundus fluorescein angiography (FFA) with a focus on diagnosing macular diseases. It includes high-quality imaging to aid ophthalmologists in interpreting FFA results for clinical decision-making. 0aFluorescein angiographyvAtlases.9126563 0aMacula luteaxDiseasesxDiagnosisvAtlases.9126564 0aRetinal vascular diseasesxImagingvAtlases.9126565 2ddccBK c612198d612198 00102ddc4070aNSHSbNSHScGENd2024-09-26eProgressive International Agencies (Pvt) Limitedg15126.24o617.735 MARpNSHS-1817r2024-10-29tc.1v30252.40w2024-09-26yBK 00102ddc4070aNSHSbNSHScGENd2024-09-26eProgressive International Agencies (Pvt) Limitedg15126.24o617.735 MARpNSHS-1818r2024-10-29tc.2v30252.40w2024-09-26yBK 00102ddc4071aNSHSbNSHScREFd2024-09-26eProgressive International Agencies (Pvt) Limitedg15126.24oR 617.735 MARpNSHS-1819r2024-10-29tc.3v30252.40w2024-09-26yBK